| 000 | 00537nam a2200193 a 4500 | ||
|---|---|---|---|
| 005 | 20210219153330.0 | ||
| 008 | 991125n 000 0 spa u | ||
| 035 | _aUPN01000091713 | ||
| 100 | 1 | _aDrofenik, Francek | |
| 222 | _aEDUCADORES DEL MUNDO | ||
| 245 | _aLa paz es el bien más sublime que una sociedad contemporánea puede ofrecer a las futuras generaciones | ||
| 300 | _a9-10 | ||
| 362 | 0 | _a1988 No. 1 | |
| 653 | 0 | _aPAZ | |
| 653 | 0 | _aRELACIONES HUMANAS | |
| 653 | 0 | _aTEATRO | |
| 904 |
_aAC _b029524 |
||
| 905 | _aArticulo | ||
| 999 |
_c74090 _d74090 |
||